000 00556nam a2200181Ia 4500
003 OSt
005 20260331103324.0
008 211028s2010 xx 000 0 und d
040 _cAIMIT LIBRARY
041 _aeng
082 _a658.8 JACP
100 _aJacob, Praveen;Sridhar, Sambatur.
_g816098
_96658
245 _aExploratory study on promotional strategies for setting up an extebsion counter for four wheelers in rural areas /
260 _bSridhar, Sambatur
_c2010
600 _aMarketing
_96659
650 _aMarketing
_96660
942 _2ddc
_cPRO
999 _c218311
_d218311